| Tag |
First Indicator |
Second Indicator |
Subfields |
| LEADER |
00000cam a2200000 4500 |
| 001 |
in00000067251 |
| 005 |
20151008051916.0 |
| 008 |
751008s1943 nyu b 00000 eng |
| 010 |
|
|
|a 43008812
|
| 035 |
|
|
|a (OCoLC)01687145
|
| 035 |
|
|
|9 AAH0671AM
|
| 040 |
|
|
|a DLC
|c IRU
|d IRU
|d TXA
|d UtOrBLW
|
| 049 |
|
|
|a TXAM
|c [230727]
|
| 050 |
0 |
0 |
|a LA210
|b .M75
|
| 092 |
|
|
|a 370.973
|b M984e
|
| 100 |
1 |
|
|a Mursell, James L.
|q (James Lockhart),
|d 1893-1963.
|
| 245 |
1 |
0 |
|a Education for American democracy /
|c by James L. Mursell ...
|
| 250 |
|
|
|a [1st ed.].
|
| 264 |
|
1 |
|a New York :
|b W. W. Norton,
|c [1943]
|
| 300 |
|
|
|a 528 pages :
|b diagrams ;
|c 22 cm.
|
| 336 |
|
|
|a text
|b txt
|2 rdacontent
|
| 337 |
|
|
|a unmediated
|b n
|2 rdamedia
|
| 338 |
|
|
|a volume
|b nc
|2 rdacarrier
|
| 504 |
|
|
|a Bibliography : pages [496]-519.
|
| 650 |
|
0 |
|a Education
|z United States.
|
| 650 |
|
0 |
|a Education
|x Aims and objectives.
|
| 650 |
|
0 |
|a Democracy.
|
| 999 |
|
|
|a MARS
|
| 999 |
f |
f |
|s 31cbd9d6-8d7b-3584-8f03-16037b475641
|i 75a9676d-35fb-3130-be53-b18bb7bc09df
|t 0
|
| 952 |
f |
f |
|p normal
|a Texas A&M University
|b College Station
|c Sterling C. Evans Library
|d Evans: Library Stacks
|t 0
|e LA210 .M75
|h Library of Congress classification
|i unmediated -- volume
|m A14800827750
|
| 998 |
f |
f |
|a LA210 .M75
|t 0
|l Evans: Library Stacks
|